000 00307nam a22001337a 4500
008 181218b xxu||||| |||| 00| 0 eng d
020 _a0070211965
041 _aeng
080 _a616.8
100 _a7
101 _aDER
245 _aDermatology in General Medicine
_cFitzpatrick, Th. B
942 _2udc
_cBK
999 _c53401
_d53401